| 000 | 00658nam a2200229Ia 4500 | ||
|---|---|---|---|
| 003 | OSt | ||
| 005 | 20220926002500.0 | ||
| 006 | a|||||r|||| 00| 0 | ||
| 007 | ta | ||
| 008 | 220923b |||||||| |||| 00| 0 eng d | ||
| 037 | _cGeneral Book | ||
| 040 |
_aRTL _cRTL _beng |
||
| 041 |
_2eng _aeng |
||
| 082 | _aNA,8(Q2:45).275.N, L4 | ||
| 100 |
_aDatta Bimal Kumar _943985 |
||
| 245 | 0 | _aBengal temples | |
| 260 |
_a New Delhi _bMunshiram Manoharlal Publishers India _c1974 |
||
| 300 |
_axiii,88p. _ccm. |
||
| 650 |
_aFine Arts _934717 |
||
| 942 |
_hNA,8(Q2:45).275.N, L4 _cGB _2CC |
||
| 999 |
_c605198 _d605198 |
||